000 00512nam a22001697a 4500
005 20251108165206.0
008 250721s1965 xx 000 0 ara d
082 1 4 _a956/صبح
100 1 _aالصالح، صبحي
245 1 0 _aالنظم الإسلامية نشأتها و تطورها /
264 1 _aبيروت :
_bدار العلم للملايين،
_c1965.
300 _a608ص
650 1 7 _aتاريخ العرب
650 1 7 _aالحضارة الإسلامية
942 _2ddc
_cBK
999 _c21726
_d21726